000 02274cam a22003254a 4500
001 14561268
003 ARRUPE
005 20160215142608.0
008 060921s2007 wiu b s001 0 eng
010 _a 2006031477
020 _a0299222209 (cloth : alk. paper)
020 _a9780299222208 (cloth : alk. paper)
020 _a9780299222208
035 _a(OCoLC)ocm71810013
035 _a(OCoLC)71810013
040 _aDLC
_cDLC
_dDLC
050 0 0 _aB3279.H48
_bB44534 2007
082 0 0 _a193
_222
100 1 _aEmad, Parvis.
_920028
245 1 0 _aOn the way to Heidegger's Contributions to philosophy /
_cParvis Emad.
260 _aMadison, Wis. :
_bUniversity of Wisconsin Press,
_cc2007.
300 _axvii, 236 p. ;
_c24 cm.
504 _aIncludes bibliographical references (p. 221-224) and indexes.
505 0 _aPreface -- Acknowledgments -- Introduction -- Translating Heidegger's Contributions to philosophy as a hermeneutic responsibility -- On "Echo," the first part of Contributions to philosophy -- The place of the pre-Socratics in "Playing forth," the second part of Contributions to philosophy -- "De-cision" in Contributions to philosophy and the path to the Interpretation of Heraclitus fragment 16 -- On the last part of Contributions to philosophy, "Be-ing," its liberating ontology, and the hints at the question of God -- On the inception of being-historical thinking and its active character, mindfulness -- Mastery of be-ing and coercive force of machination in Heidegger's Contributions to philosophy and Mindfulness and the opening to his Nietzsche interpretation -- Heidegger and Christianity: a look at his correspondence with Bernhard Welte -- Questioning Richardson's "Heidegger I, Heidegger II" distinction and his response in light of Contributions to philosophy -- Notes -- Bibliography -- General index -- Index of Greek terms.
600 1 0 _aHeidegger, Martin,
_d1889-1976.
_tBeiträge zur Philosophie.
_922307
650 0 _aPhilosophy.
_922308
906 _a7
_bcbc
_corignew
_d1
_eecip
_f20
_gy-gencatlg
942 _2lcc
_cMONOGRAPH
999 _c124181
_d124181